Typologie de la syntaxe connective

Saved in:
Bibliografiske detaljer
Main Authors: Clairis, Christos (Author), Chamoreau, Claudine (Author), Costaouec, Denis (Author), Guérin, Françoise (Author)
Format: Bog
Sprog:fransk
Udgivet: Rennes Presses Universitaires de Rennes 2005
Serier:Collection Rivages Linguistiques
Fag:
Tags: Tilføj Tag
Ingen Tags, Vær først til at tagge denne postø!

MARC

LEADER 00000nam a2200000 a 4500
001 UCK8439
003 CL-VaPUC
008 060317e20050000fr |||||||||||||||||fre|d
020 |a 2753501076 
082 0 4 |a 445  |b CLA  |2 21 
100 |a Clairis, Christos  |e author  |9 302767 
700 0 |a Chamoreau, Claudine  |e author  |9 498220 
700 0 |a Costaouec, Denis  |e author  |9 498221 
700 0 |a Guérin, Françoise  |e author  |9 498222 
245 1 0 |a Typologie de la syntaxe connective 
300 |a 234 p 
942 |c BK 
945 |d 20060317 00:00:00  |a jtorresc 
260 |a Rennes  |b Presses Universitaires de Rennes  |c 2005 
650 0 |a Gramática  |9 270497 
650 0 |a Educación lingüística  |9 306506 
650 0 |a Sintaxis  |9 318843 
650 0 |a Ortografía  |9 309144 
583 |a last modification  |c 20171205 01:56:29  |k Rodrigo Vera 
490 0 |a Collection Rivages Linguistiques 
999 |c 316090  |d 316088 
952 |0 0  |1 0  |4 0  |6 445_000000000000000_CLA_2005  |7 0  |8 P  |9 390193  |a BIBARQ  |b BIBARQ  |d 2019-11-22  |i 4212614  |o 445 CLA 2005  |p 4212614  |r 2025-01-20  |w 2019-11-22  |y BK  |k ARQ